00652nam a2200181 i 4500001000700000003000900007005001700016007000300033008004100036100003000077245010200107260003000209300002200239700003200261852003200293999001900325952012600344103995ES-MaACL20230906183504.0t|051122s1962 sp ||||1| spa d1 aMessner, Johannes.98069013aEl funcionario en la sociedad pluralista / cJohannes Messner; traducción de Rafael de la Vega. aMadrid : bRialp, c1962. a377 p. ; c25 cm.1 aVega, Rafael de la.9113581 aES-MaACLjC-22518 bR.51286 c103995d103995 00104070aATENEOMbATENEOMcGaleríad2008-01-17eSCl0oC-22518p1108581r2023-02-23 00:00:00w2023-02-23yMONOGRAFIA